Pays avec la lettre Z - Statistiques

Statistiques générales
  • Ce quiz a été pris 521 fois
  • Le résultat moyen est 9 sur 13
Statistiques - réponses
Continent Pays % Correct
Afrique Zambie
98%
Afrique Zimbabwe
98%
Océanie Nouvelle-Zélande
78%
Asie Azerbaidjan
73%
Afrique Mozambique
71%
Asie Ouzbékistan
70%
Amérique Belize
69%
Afrique Tanzanie
69%
Amérique Venezuela
68%
Asie Kazakhstan
64%
Asie Kirghizistan
61%
Europe Bosnie-Herzégovine
58%
Afrique Swaziland
42%
Aucun quiz correspondant
Distribution des résultats
% des personnes avec chaque résultat
Percentile par nombre de réponses
Votre historique - résultats
Vous n’avez pas pris ce quiz